Pokrov

Titel: Pokrov : gravure orthodoxe du Musée National de Varsovie / Waldemar Deluga
Verfasser:
In: Muzeum Narodowe w Warszawie: Bulletin du Musée National de Varsovie,
alle Artikel anzeigen
Veröffentlicht: 1998
Umfang: Ill.
Format: Aufsatz
Sprache: Französisch
Schlagworte:
Vorliegende Ausgabe: Online-Ausg. Heidelberg: Univ.-Bibl., 2015. - Online-Ressource.
Kein Bild verfügbar
X
alg: 47176414
001A    $06055:06-11-20 
001B    $01999:10-11-20 $t22:36:02.000 
001D    $06055:06-11-20 
001U    $0utf8 
001X    $00 
002@    $0Oox 
002C    $aText $btxt $2rdacontent 
002D    $aComputermedien $bc $2rdamedia 
002E    $aOnline-Ressource $bcr $2rdacarrier 
003@    $0471764140 
004U    $0urn:nbn:de:bsz:16-diglit-189478 $SV98 
007A    $0471764140 $aHEB 
007I    $0HHB-394501195 
007I    $0HHB-146450119X 
009Q    $SV98 $uhttp://digi.ub.uni-heidelberg.de/diglit/bmusvars1998/0022 $xH 
010@    $afre 
011@    $a1998 
011B    $a2015 
021A    $aPokrov $dgravure orthodoxe du Musée National de Varsovie $hWaldemar Deluga 
028A    $#Deluga, Waldemar Józef $#Deluga, W. J. $#Deljuga, Valʹdemar $#Делюга, Вальдемар $71079365745 $8Deluga, Waldemar$Z1961- [Tp1] $936689451X 
033N    $pHeidelberg $nUniv.-Bibl. 
033Q    $aOnline-Ressource 
034M    $aIll. 
037A    $aEnthalten in: 39(1998), Seite 16-22 
037G    $aOnline-Ausg. 
039B    $aIn $8--Obvc--Muzeum Narodowe w Warszawie [Tb1]. Bulletin du Musée National de Varsovie. - Varsovie : Musée, 1960-2009. - Online-Ressource. - ISSN 0027-3791. - DOI 10.11588/diglit.17134. - urn:nbn:de:bsz:16-diglit-171349 $9320356507 
044K    $#MW $#The @National Museum in Warsaw $#Musée National Warschau $#National-Museum Warschau $#National Museum Warschau $#Museo Warschau $#Nationaal Museum Warschau $#Museo Nazionale Warschau $#Museo Nacional Varsovia $#Museo Nacional Warschau $#Nacionalʹnyj Muzej $#MNW $#Nationalmuseum Warschau $#Varšuvos Nacionalinis Muziejus $#Musée National de Varsovie $#Musée National Warszawa $#Państwowe Muzeum Narodowe w Warszawie $#Museo nazionale di Varsavia $#NMW National Museum, Warszawa $#National Museum of Warsaw $#National Museum Warszawa $#Nationalmuseum Warszawa $#Muzeum Narodowe Warszawa $#National Museum in Warsaw $#National-Museum Warszawa $71008386-8 $8Muzeum Narodowe w Warszawie [Tb1] $9041912837 
044K    $ROstkirche $#Orthodox Eastern Church $#Église orthodoxe $#orthodoxe Kirche $#Orthodoxie Ostkirche $#Orthodoxos Katholikē Ekklēsia $#Orthodoxos Katholikē kai Anatolikē Ekklēsia $74043912-4 $8Orthodoxe Kirche [Ts1] $908512284X 
044K    $RMariendarstellung $RMotiv $74139366-1 $8Schutzmantelmadonna [Ts1] $9085530409 
044K    $RGrafik $RDruckgrafiker $#Engraving $#Prints $#Gravure $#Estampe $#Stampe $#Druckgraphik $74113357-2 $8Druckgrafik [Ts1] $9085334588 
045E    $c700 
045T    $a9,10 

lok: 47176414 3

exp: 47176414 3 1 #EPN
201B/01 $009-11-20 $t22:55:54.244 
201C/01 $009-11-20 
201U/01 $0utf8 
203@/01 $01129110311 
204U/01 $0urn:nbn:de:bsz:16-diglit-189478 $SV98 
208@/01 $a09-11-20 $bl 

lok: 47176414 78

exp: 47176414 78 1 #EPN
201B/01 $009-07-24 $t11:04:21.000 
201C/01 $009-07-24 
201U/01 $0utf8 
203@/01 $01266548270 
208@/01 $a09-07-24 $be 
209A/01 $a/ $f000 $x00 
209A/01 $ab*p $x01 
220C/01 $aeja 
244Z/01 $#Generalgouvernement Polen $#Polska $#Rzeczpospolita Polska $#Polska Rzeczpospolita Ludowa $#Poland $#Pologne $#République Polonaise $#Generalne Gubernatorstwo w Polsce $#Polish People's Republic $#Polska Rzeczpospolita Polen $#PRL $#RP $#Polen Generalgouvernement $#Polska Generalgouvernement $#Besetzte Polnische Gebiete $#Besetztes Gebiet in Polen $#Okupowane Polskie Obszary $#Obszary Okupowane w Polsce $#Volksrepublik Polen $#Polska Rosyjska $#Republic Polen $#Respublika Pol'ša $#Pol'skaja Narodnaja Respublika $#République de Pologne $#Polen Links der Weichsel $#Polska po Lewej Stronie Wisły $#Lenkija $#Polija $#Gubernija Carstva Pol'skago $#Republik Polen $74046496-9 $8--Tg1--Polen $x01 $9085129801 
247C/01 $82080>Marburg/Lahn, Herder-Institut, Forschungsbibliothek, Bibliographieportal $9336309341
LEADER 00000caa a22000002c 4500
001 471764140
003 DE-603
005 20201110223602.0
007 cr||||||||||||
008 201106s1998 xx |||| o| u00||u|fre c
024 7 |a urn:nbn:de:bsz:16-diglit-189478  |2 urn 
035 |a (DE-599)HEB471764140 
040 |a DE-603  |b ger  |c DE-603  |d DE-603 
041 |a fre 
084 |a 700  |q DE-101  |2 sdnb 
084 |a 9,10  |2 ssgn 
100 1 |a Deluga, Waldemar  |d 1961-  |0 (DE-603)36689451X  |0 (DE-588)1079365745  |2 gnd 
245 0 0 |a Pokrov  |b gravure orthodoxe du Musée National de Varsovie  |c Waldemar Deluga 
264 0 |c 1998 
300 |b Ill. 
336 |a Text  |b txt  |2 rdacontent 
337 |a Computermedien  |b c  |2 rdamedia 
338 |a Online-Ressource  |b cr  |2 rdacarrier 
500 |a Enthalten in: 39(1998), Seite 16-22 
530 |a Online-Ausg. 
533 |b Heidelberg  |c Univ.-Bibl.  |d 2015  |e Online-Ressource  |7 s2015uuuuxx u| 
610 1 7 |a Muzeum Narodowe w Warszawie  |2 gnd  |0 (DE-588)1008386-8  |0 (DE-603)041912837 
650 7 |a Orthodoxe Kirche  |0 (DE-588)4043912-4  |0 (DE-603)08512284X  |2 gnd 
650 7 |a Schutzmantelmadonna  |0 (DE-588)4139366-1  |0 (DE-603)085530409  |2 gnd 
650 7 |a Druckgrafik  |0 (DE-588)4113357-2  |0 (DE-603)085334588  |2 gnd 
773 0 8 |i In  |a Muzeum Narodowe w Warszawie  |t Bulletin du Musée National de Varsovie  |d Varsovie : Musée, 1960-2009  |h Online-Ressource  |o 10.11588/diglit.17134  |o urn:nbn:de:bsz:16-diglit-171349  |x 0027-3791  |w (DE-603)320356507  |w (DE-600)2710807-7 
856 |u http://digi.ub.uni-heidelberg.de/diglit/bmusvars1998/0022  |x Verlag 
924 1 |9 603  |a (DE-603)1129110311  |b DE-603  |c HES  |d d 
924 1 |9 2080  |a (DE-603)1266548270  |b DE-2080  |c HES  |d d  |g /